La economía en la edad antigua / (Record no. 115004)

MARC details
000 -LEADER
campo de control de longitud fija 00831nam a2200241 i 4500
001 - NÚMERO DE CONTROL
campo de control 115004
003 - IDENTIFICADOR DE NÚMERO DE CONTROL
campo de control ES-MaACL
005 - FECHA Y HORA DE LA ÚLTIMA TRANSACCIÓN
campo de control 20250924140133.0
007 - CAMPO FIJO DE DESCRIPCIÓN FÍSICA--INFORMACIÓN GENERAL
campo de control de longitud fija t|
008 - DATOS DE LONGITUD FIJA--INFORMACIÓN GENERAL
campo de control de longitud fija 070216s1929 sp b |||| | spa d
100 1# - ENTRADA PRINCIPAL--NOMBRE DE PERSONA
Nombre de persona Toutain, J.
9 (RLIN) 111164
245 13 - MENCIÓN DEL TÍTULO
Título La economía en la edad antigua /
Mención de responsabilidad, etc. por J. Toutain ; traducción de Eduardo Ibarra y Rodríguez.
260 ## - PUBLICACIÓN, DISTRIBUCIÓN, ETC.
Lugar de publicación, distribución, etc. Barcelona :
Nombre del editor, distribuidor, etc. Cervantes,
Fecha de publicación, distribución, etc. 1929.
300 ## - DESCRIPCIÓN FÍSICA
Extensión XXXVI, 454 p. ;
Dimensiones 21 cm.
490 1# - MENCIÓN DE SERIE
Mención de serie La evolución de la humanidad ;
Designación de volumen o secuencia 20
500 ## - NOTA GENERAL
Nota general Con 6 mapas en el texto.
650 17 - PUNTO DE ACCESO ADICIONAL DE MATERIA--TÉRMINO DE MATERIA
Término de materia o nombre geográfico como elemento de entrada Historia antigua
Fuente del encabezamiento o término embne
9 (RLIN) 13385
650 14 - PUNTO DE ACCESO ADICIONAL DE MATERIA--TÉRMINO DE MATERIA
Término de materia o nombre geográfico como elemento de entrada Historia económica-
Subdivisión cronológica Hasta S.V.
9 (RLIN) 13408
700 1# - ENTRADA AGREGADA--NOMBRE PERSONAL
Nombre de persona Ibarra y Rodríguez, Eduardo,
Fechas asociadas al nombre 1866-1944
9 (RLIN) 64967
830 0# - PUNTO DE ACCESO ADICIONAL DE SERIE-TÍTULO UNIFORME
Título uniforme La evolución de la humanidad ;
Designación de volumen o secuencia 20
9 (RLIN) 185926
852 ## - LOCALIZACIÓN
Ubicación ES-MaACL
Número de control de estantería C-29096
Holdings
Estatus retirado Estado de pérdida Estado de daño No para préstamo Biblioteca de origen Biblioteca actual Ubicación en estantería Fecha de adquisición Fuente de adquisición Total de préstamos Signatura topográfica completa Código de barras Visto por última vez Precio de reemplazo Tipo de ítem Koha
        Biblioteca del Ateneo de Madrid Biblioteca del Ateneo de Madrid Depósito 2 17/01/2008     C-29096 1119925 23/02/2023 23/02/2023 Libro impreso